000 00710nam a2200217Ia 4500
003 GCL
008 140319s9999 xx 000 0 ara d
040 _aGCL /
_cGCL
082 0 4 _a701.18
_bن ح
100 1 _aفخرى خليل (مترجم)
245 1 0 _aحوار الرؤية: مدخل الى تذوق الفن والتجربة الجمالية /
_cفخرى خليل (مترجم)
700 1 _aجبرا خليل جبرا
700 1 _aنوبلر , ناثان
260 _a[S.N] :
_bالمؤسسة العربية للدراسات والنشر ،
_c1992
300 _a237 ص
490 _a
650 0 4 _aالفلسفة
650 0 4 _aالفن
650 0 4 _aالتذوق الفنى
942 _2ddc
_cBK
999 _c35670
_d35670